Developing a policy proposal to promote diversity for equality and inclusion at ISS: a view from the diversity taskforce /
Guardat en:
| Autor principal: | |
|---|---|
| Format: | Llibre |
| Idioma: | English |
| Etiquetes: |
Afegir etiqueta
Sense etiquetes, Sigues el primer a etiquetar aquest registre!
|
MARC
| LEADER | 00000nam a22000007a 4500 | ||
|---|---|---|---|
| 003 | cru CIDCACS/IIS | ||
| 005 | 20171208132930.0 | ||
| 007 | ta | ||
| 008 | 171207s2016 ne |||p|r||||||0| ||eng|d | ||
| 999 | |c 40718 |d 40718 | ||
| 040 | |c cru CIDCACS/IIS | ||
| 100 | 1 | |9 6213 |a Bergh, Sylvia | |
| 245 | 1 | |a Developing a policy proposal to promote diversity for equality and inclusion at ISS: |b a view from the diversity taskforce / | |
| 300 | |a páginas 4-6 | ||
| 773 | 0 | |0 18173 |9 1682 |a International Institute of Social Studies |d Netherlands : International Institute of Social Studies |o 18380 |t Development Issues / |w ()46221 | |
| 942 | |2 ddc |c PP | ||
